[Event "U1950 Turnier"]
[Site "?"]
[Date "2010.12.22"]
[Round "9"]
[White "Turbo Advanced Trainer, Saitek"]
[Black "Explorer, Mephisto"]
[Result "1/2-1/2"]
[WhiteElo "1897"]
[BlackElo "1900"]
[Annotator "Stefan Timmermans"]
[PlyCount "114"]

1. d4 e6 2. c4 Nf6 3. Nc3 Bb4 4. e3 O-O 5. Bd3 c5
6. Nf3 d5 {Turbo out of book, Variation known as the Rubinstein Variation in
the Nimzo-Indian Defence} (6... b6 7. d5 $1 exd5 8. cxd5 Nxd5 9. Bxh7+ Kxh7 10.
Qxd5 Bxc3+ 11. bxc3 $16) 7. cxd5 {And here also the Explorer out of book} exd5
8. O-O b6 9. Bd2 Re8 (9... c4 10. Be2 Nc6 11. b3 Bxc3 12. Bxc3 Ne4 13. Qc2 $11)
10. a3 (10. dxc5 bxc5 11. a3 Bxc3 12. Bxc3 $14) 10... Ba5 11. Ne5 {White is
occupying the better places...} Bb7 12. Bb5 (12. b4 cxb4 13. Na4 Qd6 {To
"prevent" axb4} 14. axb4 Bxb4 15. Bxb4 Qxb4 16. Nc5 $1 bxc5 17. Rb1 Qc3 18. Rb3
Qa5 19. Rxb7 $16) 12... Re6 13. Nb1 {The Turbo sets in a special manoeuvre, at
first it seems odd, but allbeit not to bad , black pieces are still a bit
clumsy (Re6 en Ba5)} Bxd2 14. Nxd2 Nc6 15. Ndf3 Nxe5 16. Nxe5 {Normally
speakin g black has to be vigilant as not to remain stuck with the isolated d5
pawn, and should use the pawns on the queenside in his favor. The position is
quite balanced though.} Rc8 17. Rc1 cxd4 18. Rxc8 Bxc8 19. exd4 (19. Qxd4 $14 {
In this option, white will play on the isolated pawn theme}) 19... a6 20. Bd3
Bb7 21. Qe2 {Qf3 was better} b5 22. Bf5 (22. f3 $14 {Preventing Ne4}) 22... Re7
23. Re1 Ne4 $11 {There he goes !} 24. Qd3 Qb6 25. Bxe4 {This will make the 24
Qd3 a bit silly, but I don't think computers will ever look back in the 'Past'
as the only thing they care about is the futur .} dxe4 26. Qe3 f5 {Not a bad s
trategical prospect, to me thats the difference the Explorer sometimes tends
to make...} 27. Nd3 {Fancy move but no efficiency involved} (27. Rc1 Qf6 28.
Qb3+ Kf8 29. Rc5 $14 {And white is a bit better, as the pieces exert more
control over the enemy}) 27... Qf6 28. Nc5 $2 {A stretegical bad move from the
Turbo, as the central occupation on e5 was much more restrictive for white.}
Bd5 $15 {A Positional move, can eventually get on the outside of his own pawns
via c4} 29. f4 $6 {My chessengine played the same move, incredible don't you
think ? Now the well protected e-pawn is a free pawn ! This is not the first
time I see the Turbo play such a move. To me this is where humans and
computers depart.} h6 30. h3 g5 {This move was not applauded more then any
other move by my chessengine, but to me the fact that the Explorer plays it,
and even the preparation on h6, proves he tries to keep the game going and
grasps for the initiative ! Many computers would play dull moves in such cases.
} 31. g3 (31. Rf1 Rg7 32. fxg5 hxg5 $15 {And black surely has the initiative})
31... gxf4 32. gxf4 $15 (32. Qxf4 $2 Qxd4+ 33. Qe3 Qxe3+ 34. Rxe3 $17) 32...
Rg7+ 33. Kh2 Kf7 34. Rg1 Rxg1 35. Kxg1 Kg6 36. Kf2 Ba8 $2 37. Nd7 Qd6 38. Nc5
Kf6 39. Ke2 Ke7 40. b3 Qb6 41. Qg3 {What takes them so long ?} Kf7 42. Qh4 Qg6
43. Qd8 Qg2+ {The best defense could be the attack} 44. Ke1 Qh1+ 45. Kd2 Qh2+
46. Ke1 Qg1+ 47. Ke2 Qh2+ 48. Ke1 Qg3+ 49. Ke2 Qf3+ 50. Ke1 Qe3+ (50... e3 {I
would have played this move, in the hope the King can escape from its checks
via h5 & h4, whereas black has the threat Qf2+ Qd2+ mate, but seemingly is the
Qe8+ sufficient to keep the King inside and though both refuse to go for the
draw, this is what it will become...} 51. Qd7+ Kf6 (51... Kg6 52. Qe8+ Kg7 53.
Ne6+ Kf6 54. Qf8+ Kxe6 55. Qe8+ Kf6 56. Qf8+ Kg6 57. Qe8+ {Draw !})) 51. Kd1 a5
52. Qd7+ (52. Qxa8 $4 Qxd4+ 53. Ke2 Qxc5) 52... Kf6 53. Qe6+ (53. Qxb5 Qxd4+
54. Ke2 Bd5 55. Qxa5 {Maybe this is the way out (if ever Kg6 Qe8+ Bf7)} Kg6 56.
Qb4 (56. Qb6+ $2 Kh5) 56... Qg1 57. a4 {Unclear Situation}) 53... Kg7 54. Qe7+
(54. Qxf5 {Also here the King can't escape the Perpetual Checks}) 54... Kg8 55.
Qe6+ Kg7 56. Qe7+ Kg8 57. Qe6+ Kg7 1/2-1/2

[Event "U1950 Turnier"]
[Site "?"]
[Date "2011.05.15"]
[Round "10"]
[White "Explorer, Mephisto"]
[Black "Europa, Mephisto"]
[Result "1-0"]
[WhiteElo "1900"]
[BlackElo "1685"]
[Annotator "Stefan Timmermans"]
[PlyCount "73"]

1. e4 c5 2. Nc3 Nc6 3. g3 g6 4. Bg2 Bg7 5. d3 d6 6. f4 e6 7.
Nf3 Nge7 8. O-O Bd7 9. Be3 Qb6 10. Rb1 O-O 11. Ne2 Nd4 12. Nexd4 cxd4 13. Bf2
e5 14. c3 f5 15. Re1 Nc6 16. cxd4 exd4 17. b4 Be6 $6 18. b5 Bxa2 $2 (18... Na5)
19. bxc6 Qxb1 20. Qxb1 Bxb1 21. cxb7 Bxd3 22. bxa8=Q Rxa8 23. exf5 gxf5 24.
Nxd4 Rb8 25. Bd5+ Kh8 26. Nc6 Rb1 27. Rxb1 Bxb1 28. Bxa7 Bf8 29. Nd4 Kg7 30.
Ne6+ Kf7 31. Kf2 Bh6 32. Nd4+ Ke7 33. Bg8 Bg7 34. Bxh7 Bxd4+ 35. Bxd4 Be4 36.
g4 Ke6 37. g5 {[%emt 0:00:00] And here I allowed my 6 year old son to finish
the job, the Europa went to c4 with his King and the pawn promotion allowed my
son a quick checkmate. 1 -} 1-0

[Event "U1950 Turnier"]
[Site "?"]
[Date "2011.10.15"]
[Round "10"]
[White "Timmermans, Stefan"]
[Black "Super Mondial B, Mephisto"]
[Result "1-0"]
[WhiteElo "1860"]
[BlackElo "1876"]
[Annotator "Stefan Timmermans"]
[PlyCount "81"]

1. c4 e5 2. g3 Nf6 3. Bg2 d5 $1 4. cxd5 Nxd5 5. Nf3 {For
me an interesting move.} (5. Nc3 Nb6 6. Nf3 Nc6 7. O-O $11) 5... Nc6 6. O-O e4
(6... Be7 7. d4 e4 8. Ne5 f5 $14 {As played by Vassiliy Ivanchouk vs Alexey
Shirov 2010 & Topalov vs Timman Jan 1999}) 7. Ne1 {Only field} Qe7 {The Sumo
ca lculated Bf5 for a very log time and came with this move, at first not good,
but after my move just the opposite comes true} 8. Qb3 $6 {Leaves e2
undefended , and an eventual d3 exd3 can't be met with Nxd3 as e2 would fall...
.} (8. d3 exd3 9. Nxd3 $14) 8... Nb6 9. Nc3 Be6 (9... Nd4 10. Qd1 Bf5 11. Nc2
$14) 10. Qd1 f5 11. d3 O-O-O {Chances are about even} 12. Bd2 {Unpins the
Queen for capturing on e4} (12. Be3 $2 Nc4) (12. Qc2 Nd4 13. Qd1 $15) (12. a3
g5 $15) 12... Nd5 {Interesting move.} 13. Qc1 Nd4 {Even more interesting move..
.} 14. Nc2 $1 {Diagram # Audacious move from a human against a digital opponent
} Nxe2+ (14... Nxc3 15. Nxd4 (15. bxc3 $4 Nxe2+ $19) (15. Bxc3 $4 Nxe2+ $19)
15... Rxd4 16. Bxc3 $18) 15. Nxe2 exd3 16. Ned4 $16 {And white has the far
better play despite being the pawn down.} dxc2 17. Re1 Nf4 {A surprising and
curious move.} 18. Nxe6 (18. Bxf4 Rxd4 19. Qxc2 {with the threat Rxe6 & Qxc7 #}
Rd7 20. Re5 $18) 18... Nxe6 19. Qxc2 Nd4 20. Qc4 $16 Qc5 {Very neutralising
move, white has to be very creative to keep the pressure now.} 21. Rac1 $2 (21.
Qa4 a6 22. Bg5) 21... Qxc4 (21... Nf3+ 22. Bxf3 Qxc4 23. Rxc4 Rxd2 24. Re8+ Kd7
25. Ra8 $11) 22. Rxc4 h6 $2 (22... Nf3+ 23. Bxf3 Rxd2 $11) 23. Bf4 Nb5 (23...
Rd7 $4 24. Re8+ Rd8 25. Rxc7+ Kb8 26. Rxd8#) (23... c6 24. Be5 $14) (23... Bd6
$4 24. Rxd4) 24. Rec1 Rd7 (24... c6 25. a4 (25. Bxc6 $4 {Not playable} bxc6 26.
Rxc6+ Kb7 $19) 25... Nd4 $11) 25. a4 Nd6 26. Rc5 g6 (26... b6 27. Rc6 $14) 27.
Bd5 $1 {An very nice idea of mine. Prepares for Be6} Kb8 (27... Ne8 {Bf8
counterattacks Rc5} 28. Rb5 $1 Nd6 29. Bxd6 Rxd6 30. Bxb7+ Kd8 $16) 28. Be6
Rdh7 (28... Re7 $4 29. Bxd6 Rxe6 (29... cxd6 30. Rc8#) 30. Bxc7+ Ka8 31. Re5
$18 Rxe5 32. Bxe5 Bg7 33. Bxg7) 29. Be5 b6 30. Rc6 {Probably not the best} (30.
Rxc7 Rxc7 31. Rxc7 Kxc7 32. Bxh8 $14) 30... Bg7 {Here I took my time, black is
passive but offers a passive piece for an exchange... this might seem to work
for him.} 31. Bxd6 (31. Rxd6 $2 Bxe5 (31... cxd6 32. Bxd6+ Kb7 33. Rc7+ Ka6 34.
Bc4+ Ka5 (34... b5 35. Bc5 Bxb2 36. Bxb5+ Ka5 37. Rc6 Re7 38. Ra6#) 35. Rxa7#)
32. Rd2 $15) 31... cxd6 32. b4 {a cool mov e, d6 is isolated and wxeak, will
surely fall, no need to go for an immediate Rxd6. also better then b3 cause of
Be5 f4 Bd4+ follwed by Bc5 which is not possible with b4 (instead of b3)} Rd8
33. Rc7 d5 $4 {An actual bad move ! Likely just behind the computers horizon.}
34. Bxd5 Rxd5 35. Rc8+ Kb7 36. R1c7+ Ka6 37. Ra8 Rd1+ 38. Kg2 Rg1+ 39. Kxg1 b5
40. Raxa7+ Kb6 41. a5# 1-0

[Event "U1950 Turnier"]
[Site "?"]
[Date "2011.05.15"]
[Round "10"]
[White "Turbo Advanced Trainer, Saitek"]
[Black "Constellation 2 MHz, Novag"]
[Result "1-0"]
[WhiteElo "1899"]
[BlackElo "1677"]
[Annotator "Stefan Timmermans"]
[PlyCount "76"]

1. e4 c5 2. Nc3 Nc6 3. g3 Nf6 4. Bg2 e5 5. d3 Be7 6. f4 d6
7. Nf3 O-O 8. Be3 Ng4 9. Bd2 f5 10. Nd5 exf4 11. Bxf4 Bf6 12. c3 fxe4 (12...
Be6 $14) (12... Be5 $14) 13. dxe4 Nce5 14. O-O Be6 (14... c4 15. Bxe5 Bxe5 $16)
15. Nxf6+ gxf6 16. Nh4 (16. h3 {Too Soon !} Nxf3+ 17. Qxf3 Ne5) 16... Qb6 $2 (
16... Nf7 17. h3 Nge5 $18) 17. h3 Bc4 18. Re1 Qxb2 19. hxg4 Nd3 {Thpug black
has 3 active pieces, white has not mouch to fear} 20. Bf1 Qf2+ 21. Kh1 Nxf4 22.
Bxc4+ Kh8 23. gxf4 Qxh4+ 24. Kg2 f5 25. exf5 Rae8 26. Rxe8 Rxe8 27. Qf3 Rf8 28.
Rb1 d5 29. Rh1 Qf6 30. Qxd5 Qxc3 31. Qxc5 Qb2+ 32. Kf3 Qc3+ 33. Kf2 Qd2+ 34.
Kg3 Re8 35. Be6 Qd3+ 36. Kh4 Qd8+ 37. g5 Re7 38. Qc3+ Rg7 {Matt in 6 bis 10;
Kg4 !} 1-0

[Event "U1950 Turnier"]
[Site "?"]
[Date "2010.09.21"]
[Round "2"]
[White "Europa, Mephisto"]
[Black "Explorer, Mephisto"]
[Result "1/2-1/2"]
[WhiteElo "1685"]
[BlackElo "1900"]
[Annotator "Stefan Timmermans"]
[PlyCount "112"]

1. e4 e6 2. d4 d5 3. Nc3 Bb4 4. e5 c5 5. a3 Bxc3+ 6.
bxc3 Ne7 7. Be2 Nbc6 8. Nf3 Qa5 9. Bd2 O-O 10. O-O Qc7 11. Rb1 b6 12. Re1 Bb7
13. Bg5 Rfc8 14. Qd2 Nf5 15. Bb5 h6 16. Bf4 Qe7 17. Ra1 g5 18. g4 cxd4 19. Bxg5
dxc3 20. Qxc3 Ncd4 21. Bxe7 Rxc3 22. Nxd4 Nxd4 23. Be2 Nxc2 24. Rec1 Rac8 25.
Ra2 d4 26. Rd1 Bd5 27. Rb2 Bc4 28. Bf1 d3 29. Bd6 Kg7 30. h4 Rg8 31. Bxd3 $2
Rxd3 32. Rc1 Nxa3 33. Bxa3 Bd5 34. Be7 Rh3 35. f3 Bxf3 $19 36. Rc7 Kg6 37. Rb4
$1 a5 38. Rf4 b5 39. h5+ Kh7 (39... Kg7 $4 40. Bf6+ Kh7 (40... Kf8 41. Rc8#)
41. Rxf7+ Rg7 42. Rxg7+ Kh8 $18) 40. Rxf7+ Rg7 41. Rxg7+ Kxg7 42. Bb4+ $15 Kg8
43. Rc8+ Kf7 44. Rc7+ Ke8 45. Bxa5 Rh1+ 46. Kf2 Bxg4 47. Rc8+ Kf7 48. Rc7+ Kf8
49. Rc8+ Kg7 50. Rc7+ Kg8 51. Rc8+ Kh7 52. Rc7+ Kh8 53. Rc8+ Kg7 54. Rc7+ Kf8
55. Rc8+ Ke7 56. Rc7+ Kf8 1/2-1/2